| 000 | 01380pam a2200301 a 4500 | ||
|---|---|---|---|
| 001 | 3055102 | ||
| 005 | 20060719202817.0 | ||
| 008 | 961121s1997 enkab b 001 0 eng | ||
| 010 | _a | ||
| 020 | _a0198564376 (pbk) | ||
| 040 |
_aDLC _cDLC _dDLC |
||
| 050 | 0 | 0 |
_aTA342 _b.D43 1997 |
| 082 | 0 | 0 |
_a620.0011 _222 _bCOG |
| 100 | 1 |
_aDe Cogan, Donard. _99434 |
|
| 245 | 1 | 0 |
_aApplied Numerical Modelling for Engineers / _cDonard de Cogan and Anne de Cogan. |
| 260 |
_aOxford: _bOxford University Press, _c1997. |
||
| 300 |
_ax, 273 p. : _bill., map ; _c24 cm. |
||
| 490 |
_aTextbook in electrical and electronic engineering ; _v6 |
||
| 500 | _aDonated by: Alaa Abdel Ghany | ||
| 504 | _aIncludes bibliographical references and index. | ||
| 650 | 0 |
_aEngineering _xMathematical models. _99435 |
|
| 700 | 1 |
_aDe Cogan, Anne. _99436 |
|
| 856 | 4 | 2 |
_3Publisher description _uhttp://www.loc.gov/catdir/enhancements/fy0606/96049957-d.html |
| 856 | 4 | 1 |
_3Table of contents only _uhttp://www.loc.gov/catdir/enhancements/fy0606/96049957-t.html |
| 942 |
_2ddc _cBB |
||
| 999 |
_c12932 _d12932 |
||